Kniha môjho detstva

Bibliographic Details
Main Author: Ďuríčková, Mária, 1919-2004 (Author)
Other Authors: Dressler, Ján, 1942- (gup)
Format: Article
Language:Slovak
Subjects:

MARC

LEADER 00000nab a2200000 a 4500
001 vtls000362273
003 SK-MaSNL
005 20260303184150.0
008 201120c1989 xo 0 slo
015 |a SNBRB19rr/mm-uuuuu 
035 |a CL0362395 
040 |a SNKBUCL  |b slo  |c SNKBUCL  |e AACR2 
041 0 |a slo 
044 |a xo  |c SK 
080 |a 885.4-5(087.5)  |2 1981 
080 |a 82  |2 1981 
080 |a 929  |2 1981 
080 |a 885.4  |2 1981 
080 |a 929 Ďuríčková, Mária  |2 1981 
100 1 |a Ďuríčková, Mária,  |d 1919-2004  |4 aut  |9 200338 
245 1 0 |a Kniha môjho detstva  |c Mária Ďuríčková ; Ján Dressler 
650 0 7 |a príhovory literárne  |2 snkbucl  |9 921317 
655 7 |a články z novín a časopisov  |2 snkbucl  |9 267496 
655 7 |a články z odboru literárna veda a krásna literatúra  |2 snkbucl  |9 770045 
700 1 |a Dressler, Ján,  |d 1942-  |4 gup  |9 99110 
773 0 |t Slniečko  |g Roč. 44, č. 1 (1989), s. 26 
850 |a Slovenská národná knižnica v Martine  |a MTA001 
852 |a SNK  |b KIS3GCP 
958 |a RK 
958 |a LX 
992 |a RBX 
999 |c 2125328  |d 2127258